000
00316nam a22001457a 4500
008
231101b ||||| |||| 00| 0 eng d
020
_a
997197830
041
_a
eng
080
_a
101
082
_a
101KAR
100
_a
44
101
_a
FILOZO
245
_a
PROCEEDINGS OF THE YUKON
_c
KARL.G.I.N
942
_2
udc
_c
BK
999
_c
60483
_d
60483